Гидромеханика: учебное пособие

Bibliographische Detailangaben
1. Verfasser: Попов Д. Н. Дмитрий Николаевич
Weitere Verfasser: Панаиотти С. С. Сергей Семенович, Рябинин М. В. Михаил Вячеславович
Zusammenfassung:Изложены основы механики жидкости и газа, а также их приложения в расчетах машин, приводов и других технических устройств. Наряду с традиционными разделами курса гидромеханики рассмотрены актуальные вопро­сы неустановившегося движения.Содержание книги соответствует разделам дисциплин, преподаваемых авторами в МГТУ им. Н.Э. Баумана и его калужском филиале.Для студентов машиностроительных вузов; может быть полезна аспиран­там и специалистам, решающим прикладные задачи гидромеханики.
Sprache:Russisch
Veröffentlicht: Москва, Изд-во МГТУ, 2014
Ausgabe:3-е изд., испр.
Schriftenreihe:Terra mechanica
Schlagworte:
Format: Buch
KOHA link:https://koha.lib.tpu.ru/cgi-bin/koha/opac-detail.pl?biblionumber=259280

MARC

LEADER 00000nam0a2200000 4500
001 259280
005 20231101233354.0
010 |a 9785703839201 
035 |a (RuTPU)RU\TPU\book\282204 
090 |a 259280 
100 |a 20140507d2014 m y0rusy50 ca 
101 0 |a rus 
102 |a RU 
105 |a a j 001zy 
200 1 |a Гидромеханика  |e учебное пособие  |f Д. Н. Попов, С. С. Панаиотти, М. В. Рябинин 
205 |a 3-е изд., испр. 
210 |a Москва  |c Изд-во МГТУ  |d 2014 
215 |a 318 с.  |c ил. 
225 1 |a Terra mechanica 
320 |a Библиогр.: с. 311. 
320 |a Предм. указ.: с. 312-314. 
330 |a Изложены основы механики жидкости и газа, а также их приложения в расчетах машин, приводов и других технических устройств. Наряду с традиционными разделами курса гидромеханики рассмотрены актуальные вопро­сы неустановившегося движения.Содержание книги соответствует разделам дисциплин, преподаваемых авторами в МГТУ им. Н.Э. Баумана и его калужском филиале.Для студентов машиностроительных вузов; может быть полезна аспиран­там и специалистам, решающим прикладные задачи гидромеханики. 
606 1 |a Гидромеханика  |2 stltpush  |3 (RuTPU)RU\TPU\subj\6772  |9 34575 
610 1 |a физика 
610 1 |a жидкие среды 
610 1 |a равновесие 
610 1 |a кинематика 
610 1 |a механика 
610 1 |a динамика 
610 1 |a идеальные жидкости 
610 1 |a плоскопараллельное движение 
610 1 |a несжимаемые жидкости 
610 1 |a уравнения 
610 1 |a течения 
610 1 |a вязкие жидкости 
610 1 |a ламинарное движение 
610 1 |a гидродинамическая устойчивость 
610 1 |a турбулентное движение 
610 1 |a гидравлические методы 
610 1 |a нестационарные гидромеханические процессы 
610 1 |a гидромашины 
610 1 |a гидроприводы 
610 1 |a пневмоприводы 
610 1 |a математическое моделирование 
610 1 |a учебные пособия 
675 |a 532(075.8)  |v 3 
700 1 |a Попов  |b Д. Н.  |g Дмитрий Николаевич 
701 1 |a Панаиотти  |b С. С.  |g Сергей Семенович 
701 1 |a Рябинин  |b М. В.  |g Михаил Вячеславович 
801 1 |a RU  |b 63413507  |c 20140507 
801 2 |a RU  |b 63413507  |c 20150513  |g RCR 
900 |a Гидромеханика 
942 |c BK 
951 |l 8  |l 8.2 
959 |a 29/20140218  |d 7  |e 0  |f ЧЗТЛ:1  |f АНЛ:1  |f УФ:5 
959 |a 13/20150205  |d 5  |e 253,00  |f ЧЗГЛ:1  |f АНЛ:1  |f УФ:3